Normal view MARC view
  • Sohail, Sana

Entry Personal Name

Number of records used in: 1

001 - CONTROL NUMBER

  • control field: 122405

003 - CONTROL NUMBER IDENTIFIER

  • control field: NUST

005 - DATE AND TIME OF LATEST TRANSACTION

  • control field: 20240422095538.0

008 - FIXED-LENGTH DATA ELEMENTS

  • fixed length control field: 240422|| aca||aabn | a|a d

040 ## - CATALOGING SOURCE

  • Original cataloging agency: NUST
  • Transcribing agency: NUST

100 ## - HEADING--PERSONAL NAME

  • Personal name: Sohail, Sana

670 ## - SOURCE DATA FOUND

  • Source citation: Work cat.: (NUST): Sohail, Sana , A Cross-Sectional Study on Post COVID-19 Vaccination Adverse Effects in the Diabetic and Non-Diabetic Population /
© 2023 Central Library, National University of Sciences and Technology. All Rights Reserved.